| 000 | 00763nam a2200253Ia 4500 | ||
|---|---|---|---|
| 003 | OSt | ||
| 005 | 20250421143246.0 | ||
| 008 | 191128s2013 ck er 000 f spa d | ||
| 020 | _a9589762891 | ||
| 040 |
_aCO-JMCR _cCO-JMCR |
||
| 041 | _aspa | ||
| 082 | 0 | 4 |
_aA-N _bORWr |
| 100 | 1 |
_aOrwell, George, _eautor _97748 |
|
| 245 | 1 | 0 |
_aRebelión en la granja / _cGeorge Orwell ; traductor, M. J. Granados Eslava |
| 250 | _aPrimera edición | ||
| 260 |
_aBogotá : _bEditorial Skala, _c2013 |
||
| 300 |
_a142 páginas ; _c17 cm. |
||
| 490 | 0 | _aColección clásicos | |
| 500 | _aIncluye datos biográficos del autor | ||
| 546 | _aTraducido del inglés | ||
| 650 | 0 | 4 |
_aNovela inglesa _9193 |
| 700 |
_aGranados Eslava, M. J. _etraductor _97749 |
||
| 942 |
_2ddc _cBK |
||
| 999 |
_c4537 _d4537 |
||